Statistics for World War II trivia

Click here to take the quiz!

General Stats

  • This quiz has been taken 11 times
  • The average score is 8 of 10

Answer Stats

HintAnswer% Correct
Nazi LeaderAdolf Hitler
100%
Italian dictatorBenito Mussolini
100%
The German "Desert Fox"Erwin Rommel
100%
The dictator of
Soviet Union
Jossif Stalin
100%
a WW II general, later the
president of US
Dwight D. Eisenhower
88%
Whole war casualties
(about)
60 - 80 million people
63%
The leader of the U.S.S.R armyGeorgy Zhukov
63%
The operation to take
over Moscow
Operation BARBAROSSA
63%
The biggest tank
battle during WW II
Battle of Kursk
50%
The city were allies invaded
germany in 1944
Normandy
50%

Score Distribution

Percentile by Number Answered

Percent of People with Each Score

Your Score History

You have not taken this quiz